00466nam a22001817a 450000500170000001000130001702000100003003500130004003700160005308200110006910000210008024500410010126000440014227000440018630000200023065000150025065000190026520170124110130.0 aA-806576 c00.00 aA-806576 bCen Lib/Ret aSbSPI aSpirits, Kinderd aKusum Sawhney /cby Kinderd Spirits  aNew DelhibHar anad publications c1995 bNew Delhia364-A, Chrirag Delhie110017 a245p.c21cm(Hb) aLitrature  aShort stories